000 00688nam a2200277Ia 4500
005 20260324141313.0
008 008 260324s9999 xx 000 0 eng d
020 _a9781003580669
037 _aEBOOK
040 _aCRL
040 _beng
040 _cCRL
041 _2eng
041 _aeng
084 _qCRL
100 _aJia Chen; Ming-han Ye; Xie Jialin; Hai-Cang Ren
_91207689
245 0 _aDevelopment and Applications of Free Electron Lasers
260 _bTaylor and Francis
260 _c1997
365 _a
365 _b135
856 _uhttp://www.taylorfrancis.com/books/9781003580669
942 _cEBOOK
999 _c1810631
_d1810631